Potato /

Bibliographic Details
Other Authors: Bajaj, Y. P. S., 1936-
Format: Book
Language:English
Published: Berlin ; New York : Springer-Verlag, [1987]
Series:Biotechnology in agriculture and forestry ; 3.
Subjects:

MARC

Tag First Indicator Second Indicator Subfields
LEADER 00000cam a22000008a 4500
001 in00000012518
005 20151007051837.0
008 870529s1987 wb 00100 eng
010 |a  87013130  
020 |a 0387179666 (U.S.) 
035 |a (OCoLC)16005358 
035 |9 AAA5088AM 
040 |a DLC  |c DLC  |d m/c  |d OCL  |d TXA  |d UtOrBLW 
049 |a TXAM  |c [A12606314] 
050 0 0 |a SB211.P8  |b P77 1987 
070 0 |a S494.5.B563B56  |b v.3 
082 0 |a 633/.491  |2 19 
245 0 0 |a Potato /  |c edited by Y.P.S. Bajaj. 
263 |a 8708 
264 1 |a Berlin ;  |a New York :  |b Springer-Verlag,  |c [1987] 
264 4 |c ©1987 
300 |a xxii, 590 pages :  |b illustrations 
336 |a text  |b txt  |2 rdacontent 
337 |a unmediated  |b n  |2 rdamedia 
338 |a volume  |b nc  |2 rdacarrier 
490 1 |a Biotechnology in agriculture and forestry ;  |v 3 
500 |a Includes bibliography and index. 
650 0 |a Potatoes  |x Biotechnology. 
700 1 |a Bajaj, Y. P. S.,  |d 1936- 
830 0 |a Biotechnology in agriculture and forestry ;  |v 3. 
999 |a MARS 
999 f f |s 3459f1fd-7157-3a01-b71b-b90bf298b9db  |i 6e05b997-7c37-351b-a165-3c7e6496f0be  |t 0 
952 f f |p ric  |a Texas A&M University  |b Rellis Campus  |c Joint Library Facility  |d Remote Storage  |t 0  |e SB211.P8 P77 1987  |h Library of Congress classification  |i unmediated -- volume  |m A14812606314 
998 f f |a SB211.P8 P77 1987  |t 0  |l Remote Storage